Anagrammes de départements - Mort Subite - Statistiques

Statistiques générales
  • Ce quiz a été pris 141 fois
  • Le résultat moyen est 17 sur 35
Answers on the Grid
Answers color-coded by a green-red scale on the quiz's grid according to % correct below.
ECHARDE
NIA
SUCREE
MUSEE
SAINE
RALLIE
BEAU
CALANT
PRIAS
ENTACHER
MORDE
RUEE
ENVIER
DEVOILAS
ENVINE
OLT
ERIGEA
DINER
ORIEL
HATERS
MOELLES
AUTRE CHOSE
SERIE
RAMEN
OCREREZ
SONNEES
SOIE
TOILER
GRES
MOMES
AVOIES
HERON
ROND
ANDRENES
RENVOYA
NUERIONS
ENRHUMAT
CUVELAS
HARANGUENT
AMELIORENT
DECLIPSAS
RAMEQUIN
CHLORITE
DELIRERONT
FESTINER
HALETER
ENRAIEMENTS
LOUTRERIE
 
Statistiques - réponses
Réponse % Correct
NIA
80%
OLT
80%
SOIE
75%
GRES
73%
AVOIES
72%
ROND
72%
ORIEL
71%
ANDRENES
69%
BEAU
69%
MOMES
68%
SAINE
66%
MOELLES
62%
RUEE
62%
RALLIE
60%
HERON
55%
PRIAS
54%
MUSEE
50%
RAMEN
50%
SONNEES
50%
ENVINE
49%
MORDE
49%
TOILER
45%
OCREREZ
40%
SUCREE
40%
ERIGEA
39%
HATERS
36%
RENVOYA
30%
DINER
28%
SERIE
28%
ECHARDE
26%
ENVIER
26%
CALANT
25%
AUTRE CHOSE
23%
ENTACHER
18%
DEVOILAS
6%
Aucun quiz correspondant
Distribution des résultats
% des personnes avec chaque résultat
Percentile par nombre de réponses
Votre historique - résultats
Vous n’avez pas pris ce quiz